000 00606nam a2200241 a 4500
001 nice12345678
003 IN_TiNIC
005 20260116013722.0
008 050524s1996 dela grp 000 0 eng
020 _a
_c15
082 0 0 _a297.64
_bHUS
100 _aHussain, Riaz
245 _aAbdullah
_b Father of the Holy Prophet
260 _aDelhi
_bClassic Arts
_c1996
300 _a39p
500 _aincludes index and biblioraphy
505 2 _aAppendix, Bibliography, Index
650 _aMuhammad, Prophet-Family
700 1 _aHussain, Riaz
902 _bSRS
942 _cBK
999 _c12141
_d12141